[Event "World ol U16"]
[Site "Eindhoven"]
[Date "2023.08.15"]
[Round "5.12"]
[White "Kosak, Karolina"]
[Black "Gkoutzouki, Aikaterini Argyro"]
[Result "0-1"]
[WhiteElo "1596"]
[BlackElo "1733"]
[PlyCount "100"]
[EventDate "2023.08.13"]
[EventType "team-swiss"]
[EventRounds "9"]
[EventCountry "NED"]
[SourceTitle "CBM 215 Extra"]
[Source "ChessBase"]
[SourceDate "2023.09.30"]
[SourceVersion "1"]
[SourceVersionDate "2023.09.30"]
[SourceQuality "1"]
[WhiteTeam "Slovenia"]
[BlackTeam "Greece"]
[WhiteTeamCountry "SLO"]
[BlackTeamCountry "GRE"]

1. e4 c5 2. c3 Nf6 3. e5 Nd5 4. Nf3 Nc6 5. Bc4 Nb6 6. Bb3 c4 7. Bc2 d5 8. exd6 Qxd6 9. 0-0 Bg4 10. h3 Bh5 11. Qe2 Bg6 12. Bxg6 hxg6 13. b3 Qd3 14. Re1 0-0-0 15. Na3 cxb3 16. axb3 f6 17. Qe6+ Kb8 18. Re3 Qd7 19. d4 Nd5 20. Qxd7 Rxd7 21. Rd3 e6 22. c4 Ndb4 23. Rd1 a6 24. Bf4+ Bd6 25. Bxd6+ Rxd6 26. Rd2 Rhd8 27. Rad1 b6 28. c5 bxc5 29. dxc5 Rxd2 30. Rxd2 Rxd2 31. Nxd2 Nd3 32. Nac4 Nxc5 33. Kf1 Kc7 34. Ke1 Nd4 35. Na5 Kb6 36. Nac4+ Kb5 37. Nd6+ Kc6 38. N6c4 Ndxb3 39. Nb1 Nd4 40. Kd2 Nb5 41. g4 Kd5 42. Na5 Ke4 43. Ke2 Nd4+ 44. Kf1 Kd3 45. Ke1 Kc2 46. Nd2 Nd3+ 47. Kf1 Kxd2 48. h4 Kc3 49. h5 gxh5 50. gxh5 Nc5 0-1

[Event "GER-ch U18 Girls"]
[Site "Willingen"]
[Date "2022.06.10"]
[Round "8"]
[White "Sokyrko, Sofiia"]
[Black "Kosak, Karolina"]
[Result "0-1"]
[WhiteElo "1368"]
[BlackElo "1471"]
[PlyCount "56"]
[EventDate "2022.06.04"]
[EventType "swiss"]
[EventRounds "9"]
[EventCountry "GER"]
[SourceTitle "CBM 208 Extra"]
[Source "ChessBase"]
[SourceDate "2022.07.31"]
[SourceVersion "1"]
[SourceVersionDate "2022.07.31"]
[SourceQuality "1"]

1. e4 e5 2. Nf3 Nc6 3. d4 exd4 4. Bc4 Nf6 5. 0-0 Nxe4 6. Re1 d5 7. Bxd5 Qxd5 8. Nc3 Qh5 9. Nxe4 Be6 10. Neg5 0-0-0 11. Nxe6 fxe6 12. Rxe6 Bc5 13. Bg5 Rde8 14. Rxe8+ Rxe8 15. Qd3 Kb8 16. a3 Ne5 17. Nxe5 Rxe5 18. Qc4 Qe2 19. Qxe2 Rxe2 20. b4 Bb6 21. Kf1 Rxc2 22. Re1 a5 23. Re7 h6 24. bxa5 Bxa5 25. Bf4 g5 26. Be5 d3 27. f4 Rc1+ 28. Kf2 d2 0-1

[Event "GER-ch U18 Girls"]
[Site "Willingen"]
[Date "2022.06.09"]
[Round "7"]
[White "Kosak, Karolina"]
[Black "Albayrak, Nese Pinar"]
[Result "1/2-1/2"]
[WhiteElo "1471"]
[BlackElo "1683"]
[PlyCount "69"]
[EventDate "2022.06.04"]
[EventType "swiss"]
[EventRounds "9"]
[EventCountry "GER"]
[SourceTitle "CBM 208 Extra"]
[Source "ChessBase"]
[SourceDate "2022.07.31"]
[SourceVersion "1"]
[SourceVersionDate "2022.07.31"]
[SourceQuality "1"]

1. e4 e5 2. Nf3 Nc6 3. Nc3 Nf6 4. d4 exd4 5. Nxd4 Bb4 6. Nxc6 bxc6 7. Bd3 0-0 8. 0-0 h6 9. h3 Re8 10. Qf3 d5 11. exd5 cxd5 12. Bf4 Bb7 13. Ne2 c5 14. c3 Ba5 15. Bc2 Qb6 16. Rab1 d4 17. Qd3 Qc6 18. f3 c4 19. Qf5 Rxe2 20. Bd1 d3 21. Qxa5 Re7 22. b3 Nd5 23. Bd2 Qb6+ 24. Qxb6 axb6 25. bxc4 Rxa2 26. cxd5 Rxd2 27. d6 Rd7 28. Rxb6 Ra2 29. c4 Ba6 30. Rf2 Ra1 31. Rd2 Bxc4 32. Kf2 f6 33. Bb3 Bxb3 34. Rxb3 Rxd6 35. Rbxd3 1/2-1/2

[Event "GER-ch U18 Girls"]
[Site "Willingen"]
[Date "2022.06.08"]
[Round "6"]
[White "Kieckbusch, Lotta"]
[Black "Kosak, Karolina"]
[Result "1/2-1/2"]
[WhiteElo "1207"]
[BlackElo "1471"]
[PlyCount "108"]
[EventDate "2022.06.04"]
[EventType "swiss"]
[EventRounds "9"]
[EventCountry "GER"]
[SourceTitle "CBM 208 Extra"]
[Source "ChessBase"]
[SourceDate "2022.07.31"]
[SourceVersion "1"]
[SourceVersionDate "2022.07.31"]
[SourceQuality "1"]

1. e4 e5 2. Nf3 Nc6 3. d4 exd4 4. Nxd4 Bc5 5. Nb3 Bb6 6. Qe2 d6 7. Nc3 Qf6 8. f3 Nge7 9. Be3 Bd7 10. 0-0-0 0-0-0 11. Nd5 Nxd5 12. Rxd5 Ne5 13. Bxb6 axb6 14. Qd2 Be6 15. Rb5 Rd7 16. Qc3 Kb8 17. a4 d5 18. a5 Rd6 19. axb6 Rxb6 20. Rxb6 cxb6 21. Qb4 Qf4+ 22. Kb1 Nc6 23. Qxb6 dxe4 24. Nc5 Bc8 25. Bb5 Qd6 26. Nxe4 Qc7 27. Qxc7+ Kxc7 28. Rd1 f5 29. Ng5 h6 30. Nf7 Rf8 31. Bxc6 bxc6 32. Ne5 Re8 33. f4 g5 34. g3 h5 35. Ng6 gxf4 36. Nxf4 Rh8 37. Ng6 Rg8 38. Ne5 Rh8 39. Rd3 Ba6 40. Rc3 Rh6 41. Rf3 Rf6 42. Rf4 Be2 43. c3 Kd6 44. Nf3 Bxf3 45. Rxf3 Ke5 46. Rf4 Rh6 47. Kc2 Kf6 48. Kd3 Ke5 49. Kc4 h4 50. Rf3 hxg3 51. hxg3 Ke4 52. Rd3 Rg6 53. Rd4+ Ke5 54. Rd3 Ke4 1/2-1/2

[Event "Bad Soden U14 op"]
[Site "Bad Soden"]
[Date "2019.10.04"]
[Round "3"]
[White "Kosak, Karolina"]
[Black "Bernig Le Duigou, Vincent"]
[Result "1/2-1/2"]
[WhiteElo "1207"]
[BlackElo "1222"]
[PlyCount "42"]
[EventDate "2019.10.03"]
[EventType "swiss"]
[EventRounds "9"]
[EventCountry "GER"]
[SourceTitle "CBM 192 Extra"]
[Source "Chessbase"]
[SourceDate "2019.11.06"]
[SourceVersion "1"]
[SourceVersionDate "2019.11.06"]
[SourceQuality "1"]

1. e4 e5 2. Nf3 Nc6 3. d4 exd4 4. Bc4 Nf6 5. e5 Ng4 6. 0-0 Bc5 7. h3 Nh6 8. c3 dxc3 9. Nxc3 b6 10. Bg5 Be7 11. Bxe7 Qxe7 12. Qd2 Bb7 13. Qd3 Nb4 14. Qe2 0-0 15. a3 Nc6 16. Rae1 Nf5 17. Bd3 Ncd4 18. Nxd4 Nxd4 19. Qe3 c5 20. Ne2 Nxe2+ 21. Rxe2 Rfe8 1/2-1/2